000 00456nam a2200157 i 4500
001 34551
003 ES-MaACL
005 20230906154943.0
007 t|
008 030207s1972 sp ||||1| spa d
100 1 _aBlázquez, Feliciano.
_929438
245 1 0 _aEllos serán consolados
_b: (pensamientos sobre el dolor) /
_cFeliciano Blázquez.
260 _a[Madrid :
_bRamos,
_c1972]
300 _a144 p. ;
_c18 cm.
852 _aES-MaACL
_jC-53516
_bR.85159
999 _c34551
_d34551